VFL-AFL Coleman medal winners - Statistics

General Stats
  • This quiz has been taken 45 times
    26 since last reset
  • The average score is 68 of 130
Answer Stats
Year Club Answer % Correct
1993 Geelong Gary Ablett Sr.
100%
1994 Geelong Gary Ablett Sr.
100%
1995 Geelong Gary Ablett Sr.
100%
2000 Essendon Matthew Lloyd
100%
2001 Essendon Matthew Lloyd
100%
2003 Essendon Matthew Lloyd
100%
1996 Sydney Tony Lockett
100%
1998 Sydney Tony Lockett
100%
2006 Carlton Brendan Fevola
95%
2009 Carlton Brendan Fevola
95%
2022 Carlton Charlie Curnow
95%
2023 Carlton Charlie Curnow
95%
2021 Carlton Harry Mckay
95%
2010 Richmond Jack Riewoldt
95%
2012 Richmond Jack Riewoldt
95%
2018 Richmond Jack Riewoldt
95%
2013 Hawthorn Jarryd Roughead
95%
2008 Hawthorn Lance Franklin
95%
2011 Hawthorn Lance Franklin
95%
2014 Sydney Lance Franklin
95%
2017 Sydney Lance Franklin
95%
2020 Geelong Tom Hawkins
95%
1987 St Kilda Tony Lockett
95%
1991 St Kilda Tony Lockett
95%
1997 Adelaide Tony Modra
95%
1926 Collingwood Gordon Coventry
90%
1927 Collingwood Gordon Coventry
90%
1928 Collingwood Gordon Coventry
90%
1929 Collingwood Gordon Coventry
90%
1930 Collingwood Gordon Coventry
90%
1933 Collingwood Gordon Coventry
90%
1988 Hawthorn Jason Dunstall
90%
1989 Hawthorn Jason Dunstall
90%
1992 Hawthorn Jason Dunstall
90%
2024 GWS Jesse Hogan
90%
2007 Brisbane Johnathan Brown
90%
2015 West Coast Josh Kennedy
90%
2016 West Coast Josh Kennedy
90%
2004 St Kilda Fraser Gehrig
85%
2005 St Kilda Fraser Gehrig
85%
2019 GWS Jeremy Cameron
85%
2002 Melbourne David Nietz
80%
1990 North Melbourne John Longmire
75%
1898 Collingwood Archie Smith
70%
1949 Essendon John Coleman
70%
1950 Essendon John Coleman
70%
1951 Essendon John Coleman
70%
1952 Essendon John Coleman
70%
1953 Essendon John Coleman
70%
1975 Hawthorn Leigh Matthews
70%
1999 West Coast Scott Cummings
70%
1983 Fitzroy Bernie Quinlan
65%
1984 Fitzroy Bernie Quinlan
65%
1986 Collingwood Brian Taylor
65%
1962 Geelong Doug Wade
65%
1967 Geelong Doug Wade
65%
1969 Geelong Doug Wade
65%
1974 North Melbourne Doug Wade
65%
1968 Hawthorn Peter Hudson
60%
1970 Hawthorn Peter Hudson
60%
1971 Hawthorn Peter Hudson
60%
1977 Hawthorn Peter Hudson
60%
1907 Collingwood Dick Lee
55%
1908 Collingwood Dick Lee
55%
1909 Collingwood Dick Lee
55%
1914 Collingwood Dick Lee
55%
1916 Collingwood Dick Lee
55%
1917 Collingwood Dick Lee
55%
1919 Collingwood Dick Lee
55%
1978 Footscray Kevin Templeton
50%
1979 Footscray Kevin Templeton
50%
1972 Collingwood Peter McKenna
50%
1973 Collingwood Peter McKenna
50%
1982 North Melbourne Malcolm Blight
45%
1980 Richmond Michael Roach
45%
1981 Richmond Michael Roach
45%
1985 Footscray Simon Beasley
45%
1934 South Melbourne Bob Pratt
40%
1935 South Melbourne Bob Pratt
40%
1940 Richmond Jack Titus
35%
1963 Hawthorn John Peck
35%
1964 Hawthorn John Peck
35%
1965 Hawthorn John Peck
35%
1913 University Roy Park
35%
1943 Melbourne Fred Fanning
25%
1944 Melbourne Fred Fanning
25%
1945 Melbourne Fred Fanning
25%
1947 Melbourne Fred Fanning
25%
1936 St Kilda Bill Mohr
20%
1897 Geelong Eddy James
20%
1899 Geelong Eddy James
20%
1911 Melbourne Harry Brereton
20%
1912 Melbourne Harry Brereton
20%
1942 South Melbourne Lindsay White
20%
1948 Geelong Lindsay White
20%
1976 Geelong Larry Donohue
15%
1959 Essendon Ron Evans
15%
1960 Essendon Ron Evans
15%
1966 Essendon Ted Fordham
15%
1905 Collingwood Charlie Pannam
10%
1921 Geelong Cliff Rankin
10%
1946 Collingwood Des Fothergill
10%
1937 Richmond Dick Harris
10%
1954 Footscray Jack Collins
10%
1957 Footscray Jack Collins
10%
1924 Fitzroy Jack Moriarty
10%
1938 Collingwood Ron Todd
10%
1939 Collingwood Ron Todd
10%
1941 North Melbourne Sel Murray
10%
Essendon Albert Thurgood
5%
1956 St Kilda Bill young
5%
1902 St Kilda Charlie Baker
5%
1918 Carlton Ern Cowley
5%
1901 Essendon Fred Hiskins
5%
1920 Richmond George Bayliss
5%
1932 Geelong George Moloney
5%
1923 Essendon Greg Stockdale
5%
1931 Carlton Harry Vallence
5%
1922 Carlton Horrie Clover
5%
1958 Collingwood Ian Brewer
5%
Melbourne Jack Leith
5%
1915 Fitzroy Jimmy Freake
5%
1925 Geelong Lloyd Hagger
5%
1906 Carlton Mick Grace
5%
1955 Geelong Noel Rayson
5%
1910 Geelong Percy Martini
5%
1900 Geelong Teddy Lockwood
5%
1903 Collingwood Teddy Lockwood
5%
1961 Carlton Tom Carroll
5%
1904 Melbourne Vince Coutie
5%
No matching quizzes found
Score Distribution
Percent of People with Each Score
Percentile by Number Answered
Your Score History
You have not taken this quiz since the last reset